Szczegóły MARC21

Globalizacja : wyzwania i zagrożenia /

003 -Nazwa inst., której nr kontr. jest w polu 001 [,]
    • @
    • Nazwa instytucji, której n kontrolny jest w polu 001
    • NUKAT
005 -DATA I CZAS OSTATNIEJ MODYFIKACJI [,]
    • @
    • pole kontrolne
    • 20241231094018.0
020 -Międzynarod. znormalizowany nr książki - ISBN [ , ]
    • a
    • Numer ISBN
    • 8372511756 Find
040 -Instytucja sporządzająca opis [ , ]
    • a
    • Instytucja, która sporządziła opis (NP)
    • LUBL 64/EH
    • c
    • Instytucja, która sporządziła rekord (NP)
    • LUBL 64/EH
    • d
    • Instytucja, która zmodyfikowała rekord (P)
    • LUBL 64/EH
    • d
    • Instytucja, która zmodyfikowała rekord (P)
    • LUBL 64/WSs
    • d
    • Instytucja, która zmodyfikowała rekord (P)
    • WA U/98MAPs
942 -Rodzaj dokumentu [ , ]
    • c
    • Rodzaj dokumentu
    • Książka
100 -Hasło główne - nazwa osobowa [1, ]
    • a
    • Nazwa osobowa (NP)
    • Szymański, Władysław
    • d
    • Daty biograficzne (NP)
    • (1941- ).
    • 9
    • KHW
    • 38580
245 -Strefa tytułu i oznaczenia odpowiedzialności [1,0]
    • a
    • Tytuł
    • Globalizacja : Find
    • b
    • Ciąg dalszy tytułu (NP)
    • wyzwania i zagrożenia / Find
    • c
    • Pozostałe elementy strefy tytułu i oznaczenia odpowiedzialności (NP)
    • Władysław Szymański.
260 -Strefa adresu wydawniczego [ , ]
    • a
    • Miejsce wydania (P)
    • Warszawa :
    • b
    • Nazwa wydawcy (P)
    • Difin,
    • c
    • Data wydania (P)
    • 2001.
300 -Strefa opisu fizycznego [ , ]
    • a
    • Określenie formy książki i/lub objętość (NP)
    • 241 s. ;
    • c
    • Format (NP)
    • 23 cm.
336 -Typ zawartości [ , ]
    • a
    • Termin opisujący typ zawartości
    • Tekst
    • b
    • Kod określający zawartość
    • txt
    • 2
    • Źródło (terminu i kodu)
    • rdacontent
337 -Typ mediów [ , ]
    • a
    • Tryb odtwarzania
    • Bez urządzenia pośredniczącego
    • b
    • Kod typu mediów
    • n
    • 2
    • Źródło (terminu i kodu)
    • rdamedia
338 -Typ/rodzaj nośnika [ , ]
    • a
    • Hasło opisujące typ nośnika
    • Wolumin
    • b
    • Kod typu nośnika
    • nc
    • 2
    • Źródło (terminu i kodu)
    • rdacarrier
080 -Uniwersalna Klasyfikacja Dziesiętna [ , ]
    • a
    • Symbol klasyfikacji
    • 339.92
    • 9
    • UKD
    • 3337
    • 2
    • Identyfikator wydania tablic
    • UDC-P058
    • b
    • Dopowiedzenie
    • Międzynarodowa współpraca gospodarcza. Międzynarodowa integracja gospodarcza.
650 -Hasło przedmiotowe [ ,7]
    • a
    • Hasło przedmiotowe
    • Globalizacja.
    • 2
    • Źródło terminu
    • kaba
    • 9
    • KHW
    • 110123
650 -Hasło przedmiotowe [ ,7]
    • a
    • Hasło przedmiotowe
    • Globalizacja
    • x
    • Określnik rzeczowy
    • aspekt polityczny.
    • 2
    • Źródło terminu
    • kaba
    • 9
    • KHW
    • 360995
650 -Hasło przedmiotowe [ ,7]
    • a
    • Hasło przedmiotowe
    • Globalizacja
    • x
    • Określnik rzeczowy
    • aspekt społeczny.
    • 2
    • Źródło terminu
    • kaba
    • 9
    • KHW
    • 360994
980 -Symbol UKD [ , ]
    • a
    • UKD
    • 339.92
710 -Hasło dodatkowe - nazwa ciała zbiorowego [2, ]
    • a
    • Nazwa ciała zbiorowego lub nazwa geograficzna jako pierwszy element (NP)
    • Difin.
    • 4
    • Kod relacji
    • pbl
    • 9
    • KHW
    • 52248
920 -ISBN [ , ]
    • a
    • ISBN
    • 83-7251-175-6 Find
Data inwentaryzacji Lokalizacja Status udost. Numer inwentarzowy Sygnatura
2002-01-08BE-2E.68034 
2002-01-08BE-3S.88866 
2002-01-08BE-3S.88867 
2002-01-08BE-3S.88868 
2002-02-07BE-2E.68115 
2002-02-07BE-3S.89018 
2001-09-19T-2T.5749T.5749
2001-09-19T-3T.5750 
2017-12-04T-2TM.13606TM.13606